| 000 | 01135nam a2200301 a 4500 | ||
|---|---|---|---|
| 001 | 000020893 | ||
| 003 | DO-SdBNP | ||
| 005 | 20211208101152.0 | ||
| 008 | 100823s2006 dr 000 0 spa d | ||
| 020 | _a9993422789 | ||
| 040 |
_aDO-SdBNP _bspa _cBNPHU |
||
| 049 | _aBNPD | ||
| 082 | 4 |
_a972.9358 _bR696p _222 |
|
| 100 | 1 |
_aRodríguez, Pablo, _d1966- _943793 |
|
| 245 | 1 | 0 |
_aPuerto Plata : _bperfil histórico y económico / _cPablo Rodríguez. |
| 260 |
_aSanto Domingo : _bEdiciones Renovación, _c2006. |
||
| 300 |
_a154 p. ; _c23 cm. |
||
| 490 | 1 | _aPor nuestro país primero | |
| 504 | _aIncluye notas y referencias bibliográficas | ||
| 504 | _aIncluye bibliografías (p. 145-154) | ||
| 586 | _aRufino Martínez 2002 | ||
| 650 | 4 |
_aDesarrollo económico y social _zPuerto Plata (República Dominicana) _943794 |
|
| 650 | 4 |
_aPatrimonio cultural _zPuerto Plata (República Dominicana) _943795 |
|
| 650 | 4 |
_aTurismo _xAspectos económicos _zPuerto Plata (República Dominicana) _943796 |
|
| 651 | 4 |
_aPuerto Plata (República Dominicana) _xHistoria local _91943 |
|
| 830 | 0 |
_aPor nuestro país primero _98308 |
|
| 942 |
_2ddc _cLBS1 |
||
| 999 |
_c20396 _d20396 |
||